Stratégies pour le Moyen-Orient

Gespeichert in:
Bibliographische Detailangaben
1. Verfasser: Chatelus, Michel
Format: Buch
Sprache:Undetermined
Veröffentlicht: Paris Calmann-Lévy 1974
Schlagworte:
Tags: Tag hinzufügen
Keine Tags, Fügen Sie den ersten Tag hinzu!
Thư viện lưu trữ: Trung tâm Học liệu Trường Đại học Cần Thơ
LEADER 00482nam a2200181Ia 4500
001 CTU_82147
008 210402s9999 xx 000 0 und d
082 |a 330.9 
082 |b C492 
100 |a Chatelus, Michel 
245 0 |a Stratégies pour le Moyen-Orient 
245 0 |c Michel Chatelus 
260 |a Paris 
260 |b Calmann-Lévy 
260 |c 1974 
650 |a Economic conditions 
904 |i Trọng Hải 
980 |a Trung tâm Học liệu Trường Đại học Cần Thơ